| 000 | 01031nam a22003257a 4500 | ||
|---|---|---|---|
| 001 | BR7400219 | ||
| 003 | BR-BrBNA | ||
| 005 | 20230928084503.0 | ||
| 007 | ta | ||
| 008 | 230509b bl.||||| |||| 00| 0 por d | ||
| 040 |
_aBR-BrBNA _bpor _cBiblioteca Nacional de Agricultura |
||
| 041 | _a(Spa) | ||
| 072 |
_aE10; F00 _b2120 _b/G514 |
||
| 090 | _ 2120 BR7400219 | ||
| 110 | 1 |
_aComision Economica para America Latina, Santiago (Chile); _91944 |
|
| 110 | 1 | _aFAO, Rome (Italy); | |
| 110 | 1 |
_aInstituto Brasileiro do Cafe, Rio de Janeiro, GB; _95857 |
|
| 110 | 1 |
_aSecretaria da Agricultura, Sao Paulo, SP (Brasil) _98506 |
|
| 245 | 1 | _aLa industria del cafe en Sao Paulo [Brasil] | |
| 260 | 3 |
_a[np](Brasil): _c[nd]. |
|
| 300 | _a30 p. | ||
| 500 | _aPublished after 1960; Reprint of "Boletin Economico de America Latina", v. 5(2), Oct 1960 | ||
| 650 | _aCAFE | ||
| 650 | _aSAO PAULO | ||
| 650 | _aRENDIMENTO | ||
| 650 | _aPRECO | ||
| 650 | _aECONOMIA DA PRODUCAO | ||
| 909 |
_a202309 _bLucia _c55 _dLucia Elande |
||
| 942 | _cBK | ||
| 999 |
_c19284 _d19284 |
||